Otro cine
Descripción Física:
2 vols. ; il·lustracions i fotografies b/n ; periodicitat: bimestral ; 28 cm
Idioma:
Español
MARC
| LEADER | 00000nas a2200000 a 4500 | ||
|---|---|---|---|
| 001 | 28152 | ||
| 003 | AGDB | ||
| 005 | 20260324180140.0 | ||
| 008 | 160829s9999 xx 000 0 cat d | ||
| 017 | |a B 2102-1958 | ||
| 040 | |a agdb |b cat | ||
| 041 | |a spa | ||
| 245 | |a Otro cine | ||
| 246 | |a Altre cinema |i Continuada per: | ||
| 260 | |a Barcelona : |b Sección de Cinema Amateur del Centro Excursionista de Cataluña ; |c 1952- | ||
| 300 | |a 2 vols. ; |b il·lustracions i fotografies b/n ; periodicitat: bimestral ; |c 28 cm | ||
| 362 | |a Año 1, no. 1 (1952) - [1975] | ||
| 500 | |a Descripció basada en: Año X, no. 46 (enero-feb. 1961). | ||
| 500 | |a Prové de R-701. | ||
| 650 | |a Cinematografia |x Barcelona |x Revistes |9 47855 | ||
| 655 | 0 | |9 55823 |a Revistes | |
| 710 | 2 | |9 56361 |a Centre Excursionista de Catalunya. |b Secció de Cinema Amateur | |
| 866 | |a Any 10, 1961 (46) ; | ||
| 866 | |a any 11, 1962 (52) | ||
| 901 | |a Arxiu | ||
| 942 | |n 1 |2 udc |c REV | ||
| 952 | |0 0 |1 0 |2 udc |4 0 |6 REV2265 |7 1 |9 54155 |a Arxiu |b Arxiu |d 2023-08-07 |h Núm. 45 (gener/febrer 1961) ; Núm. 52 (gener/febrer 1962) |o Rev-2265 |p 28152 |r 2016-12-01 00:00:00 |w 2016-12-01 |y ARXIU | ||
| 999 | |c 58024 |d 58024 | ||